The letters to the Corinthians. (Record no. 432)

000 -LEADER
fixed length control field 00684nam a2200205 a 4500
001 - CONTROL NUMBER
control field :::00013586$&:&@@
003 - CONTROL NUMBER IDENTIFIER
control field OkBaRHE
005 - DATE AND TIME OF LATEST TRANSACTION
control field 20100324120646.0
008 - FIXED-LENGTH DATA ELEMENTS--GENERAL INFORMATION
fixed length control field s1975 j 000 0 eng u
040 ## - CATALOGING SOURCE
Transcribing agency
100 1# - MAIN ENTRY--PERSONAL NAME
Personal name Barclay, William, 1907-1978.
245 14 - TITLE STATEMENT
Title The letters to the Corinthians.
250 ## - EDITION STATEMENT
Edition statement Rev. ed.
260 ## - PUBLICATION, DISTRIBUTION, ETC. (IMPRINT)
Place of publication, distribution, etc Philadelphia, PA., :
Name of publisher, distributor, etc Westminster Press
Date of publication, distribution, etc 1975
300 ## - PHYSICAL DESCRIPTION
Extent xv, 268, [2] p. ;
Dimensions 20 cm.
490 0# - SERIES STATEMENT
Series statement The daily study Bible series.--Rev. ed.
650 ## - SUBJECT ADDED ENTRY--TOPICAL TERM
Topical term or geographic name as entry element Bible New Testament Corinthians
General subdivision Commentaries
942 ## - ADDED ENTRY ELEMENTS (KOHA)
Source of classification or shelving scheme
Koha item type Books
Copies
Not for loan Permanent Location Price effective from Koha item type Lost status Source of classification or shelving scheme Full call number Withdrawn status Date last seen Shelving location Date acquired Copy number Damaged status Barcode Collection code
 RHEMA Bible Training College2010-04-14Books  BS 2673 .B37 1975 2018-03-28General Stacks2010-04-141 13586Reference